000
00338nam a2200133Ia 4500
008
221007s9999 xx 000 0 und d
041
_a
eng
082
_b
MES
100
_a
Meshram Jyoti (2K41083)
_9
102108
245
_a
Marketing Survey and Recruitment
260
_c
2006
_b
Pune University
_a
Pune
520
_a
Dhotre M
906
_b
General
999
_c
69266
_d
69266